LEADER 01565nas 2200481- 450 001 996321134903316 005 20210920213022.0 011 $a2407-7321 035 $a(OCoLC)952153871 035 $a(CKB)3710000000718885 035 $a(CONSER)--2017252605 035 $a(EXLCZ)993710000000718885 100 $a20160624a20159999 --- - 101 0 $aeng 135 $aur||||||||||| 181 $ctxt$2rdacontent 182 $cc$2rdamedia 183 $acr$2rdacarrier 200 00$aIndonesian journal of business & entrepreneurship 210 1$aBogor :$cSchool of Business, Bogor Agricultural University,$d[2015]- 215 $a1 online resource 300 $aRefereed/Peer-reviewed 311 $a2407-5434 517 1 $aIJBE 517 1 $aIndonesian journal of business and entrepreneurship 531 0 $aIndones. J. Bus. Entrep. 606 $aBusiness enterprises$zIndonesia$vPeriodicals 606 $aEntrepreneurship$zIndonesia$vPeriodicals 606 $aBusiness enterprises$2fast$3(OCoLC)fst00842519 606 $aEntrepreneurship$2fast$3(OCoLC)fst00912787 607 $aIndonesia$2fast 608 $aPeriodicals.$2fast 608 $aPeriodicals.$2lcgft 610 $aCommerce - General 615 0$aBusiness enterprises 615 0$aEntrepreneurship 615 7$aBusiness enterprises. 615 7$aEntrepreneurship. 712 02$aInstitut Pertanian Bogor.$bSekolah Bisnis, 906 $aJOURNAL 912 $a996321134903316 996 $aIndonesian journal of business & entrepreneurship$92578347 997 $aUNISA